A rapid non-digestion method for determination of K, Ca and Mg in leaf samples of Hevea brasiliensis (Record no. 53541)

MARC details
000 -LEADER
fixed length control field 00548nam a2200181Ia 4500
100 ## - MAIN ENTRY--AUTHOR NAME
Personal name Abraham J
245 #2 - TITLE STATEMENT
Title A rapid non-digestion method for determination of K, Ca and Mg in leaf samples of Hevea brasiliensis
260 ## - PUBLICATION, DISTRIBUTION, ETC. (IMPRINT)
Name of publisher Indian Journal of Natural Rubber Research
Year of publication 1994
300 ## - PHYSICAL DESCRIPTION
Number of Pages 57-58
650 ## - SUBJECT ADDED ENTRY--TOPICAL TERM
Topical Term Dry ash method
650 ## - SUBJECT ADDED ENTRY--TOPICAL TERM
Topical Term HCl extraction method
650 ## - SUBJECT ADDED ENTRY--TOPICAL TERM
Topical Term Hevea brasiliensis
700 ## - ADDED ENTRY--PERSONAL NAME
Personal name Karthikakuttyamma M
700 ## - ADDED ENTRY--PERSONAL NAME
Personal name Mathew M
700 ## - ADDED ENTRY--PERSONAL NAME
Personal name Suresh P R
942 ## - ADDED ENTRY ELEMENTS (KOHA)
Koha item type Journals
Holdings
Withdrawn status Lost status Damaged status Not for loan Home library Current library Date acquired Serial Enumeration / chronology Koha item type
      Journals RRII Library RRII Library 17/12/2021 Volume 7, Issue 1 Journals